[Event "LSS No Engine Cup 50 Final"]
[Site "LSS email"]
[Date "2012.04.16"]
[Round "?"]
[White "Castrejon, Luis Carlos"]
[Black "Neumann, Ulrich"]
[Result "1/2-1/2"]
[WhiteElo "1570"]
[BlackElo "1755"]
[PlyCount "40"]
[EventDate "2012.04.17"]
[EventType "tourn (corr)"]
[EventRounds "6"]
[EventCountry "GER"]
[SourceTitle "Telechess CBM 165"]
[Source "ChessBase"]
[SourceDate "2015.03.11"]
[SourceVersion "1"]
[SourceVersionDate "2015.03.11"]
[SourceQuality "1"]

1. e4 c5 2. Nf3 d6 3. Nc3 Nf6 4. e5 dxe5 5. Nxe5 e6 6. g3 Nbd7 7. Nc4 Be7 8. Bg2 0-0 9. 0-0 Nb6 10. Qe2 Nxc4 11. Qxc4 a6 12. Qe2 Qc7 13. a4 Bd7 14. d3 Bc6 15. Bf4 Bd6 16. Bxd6 Qxd6 17. Bxc6 Qxc6 18. a5 Rad8 19. Rfe1 Rd4 20. b3 Re8 1/2-1/2

[Event "LSS No Engine Cup 60 Preliminary 5"]
[Site "LSS email"]
[Date "2012.02.19"]
[Round "?"]
[White "Castrejon, Luis Carlos"]
[Black "Werner, Guenter"]
[Result "1-0"]
[WhiteElo "1569"]
[BlackElo "1108"]
[PlyCount "89"]
[EventDate "2012.02.20"]
[EventType "tourn (corr)"]
[EventRounds "6"]
[EventCountry "GER"]
[SourceTitle "Corr 2015"]
[Source "ChessBase"]
[SourceDate "2015.07.17"]
[SourceVersion "1"]
[SourceVersionDate "2015.07.17"]
[SourceQuality "1"]

1. e4 e5 2. Nf3 Nc6 3. Bb5 a6 4. Bxc6 dxc6 5. 0-0 Bg4 6. h3 h5 7. d3 Qf6 8. Be3 Bxf3 9. Qxf3 Qxf3 10. gxf3 Be7 11. f4 Bf6 12. fxe5 Bxe5 13. d4 Bf6 14. Nd2 0-0-0 15. Nf3 g6 16. c3 Be7 17. Rfe1 f6 18. Nh4 g5 19. Nf5 Bf8 20. e5 Rd5 21. c4 Ra5 22. Bd2 Ra4 23. b3 Ra3 24. Ng7 a5 25. Ne6 Be7 26. Bc1 g4 27. exf6 Bb4 28. Rd1 Nxf6 29. Bxa3 Bxa3 30. Rd3 Rg8 31. Kg2 gxh3+ 32. Kxh3 Ne4 33. Rf3 Be7 34. Re1 Rg4 35. Rf7 Rh4+ 36. Kg2 Kd7 37. Nc5+ Ke8 38. Rxe7+ Kxe7 39. Rxe4+ Rxe4 40. Nxe4 Ke6 41. Nc5+ Kf5 42. Nxb7 Kf4 43. Nc5 h4 44. Ne6+ Kf5 45. Nxc7 1-0

[Event "LSS No Engine Cup 60 Preliminary 5"]
[Site "LSS email"]
[Date "2012.02.19"]
[Round "?"]
[White "Malyszek, Tomasz"]
[Black "Castrejon, Luis Carlos"]
[Result "0-1"]
[WhiteElo "934"]
[BlackElo "1569"]
[PlyCount "70"]
[EventDate "2012.02.20"]
[EventType "tourn (corr)"]
[EventRounds "6"]
[EventCountry "GER"]
[SourceTitle "Corr 2015"]
[Source "ChessBase"]
[SourceDate "2015.07.17"]
[SourceVersion "1"]
[SourceVersionDate "2015.07.17"]
[SourceQuality "1"]

1. e4 e5 2. Nf3 Nc6 3. Bc4 Bc5 4. 0-0 Nf6 5. Nc3 d6 6. a3 Bg4 7. h3 Bh5 8. Na4 Nd4 9. Be2 Nxe2+ 10. Qxe2 Bb6 11. d3 h6 12. Nxb6 axb6 13. b3 g5 14. Qe3 g4 15. Nh4 gxh3 16. Qxh3 Bg4 17. Qe3 Nh5 18. Nf3 Qf6 19. Nh2 Be6 20. Qe2 Qg6 21. c4 Rg8 22. Qf3 Nf6 23. Bb2 Ng4 24. Qg3 Nxh2 25. Qxh2 h5 26. Rfe1 h4 27. Re3 h3 28. Rg3 Qh7 29. gxh3 Kd7 30. Kh1 Rxg3 31. Qxg3 Bxh3 32. Qh2 Rh8 33. Rg1 Qh5 34. Rg3 Qd1+ 35. Qg1 Bf1+ 0-1

[Event "LSS No Engine Cup 57 Preliminary 5"]
[Site "LSS email"]
[Date "2012.01.15"]
[Round "?"]
[White "Bozic, Deni"]
[Black "Castrejon, Luis Carlos"]
[Result "1/2-1/2"]
[WhiteElo "916"]
[BlackElo "1570"]
[PlyCount "125"]
[EventDate "2012.01.16"]
[EventType "tourn (corr)"]
[EventRounds "6"]
[EventCountry "GER"]
[SourceTitle "Telechess CBM 153"]
[Source "ChessBase"]
[SourceDate "2013.03.14"]
[SourceVersion "1"]
[SourceVersionDate "2013.03.14"]
[SourceQuality "1"]

1. e4 e5 2. Nf3 Nc6 3. Bb5 a6 4. Ba4 Nf6 5. 0-0 Nxe4 6. Re1 Nc5 7. Bxc6 dxc6 8. Nxe5 Be7 9. Qf3 0-0 10. Nc3 Be6 11. d3 Bf6 12. Bf4 Nd7 13. Nxd7 Qxd7 14. Qg3 Rac8 15. Ne4 Bxb2 16. Rab1 Bd4 17. Bh6 Kh8 18. Be3 Bxe3 19. Rxe3 f5 20. Nc5 f4 21. Nxd7 fxg3 22. Nxf8 gxf2+ 23. Kxf2 Rxf8+ 24. Kg3 Bc8 25. Rbe1 Bd7 26. c4 h6 27. Re7 Rd8 28. d4 b6 29. d5 cxd5 30. cxd5 Kh7 31. Rd1 Kg6 32. d6 c5 33. a3 Bb5 34. Rd5 Kf6 35. Re3 Bc6 36. Rd2 b5 37. Rf2+ Kg6 38. Re6+ Kh7 39. Rd2 a5 40. Re7 Rd7 41. Kf2 Kg6 42. g4 Kf6 43. Re3 c4 44. h4 g6 45. Kg3 b4 46. Rf2+ Kg7 47. Re7+ Kg8 48. Rxd7 Bxd7 49. axb4 axb4 50. Rf4 Be6 51. Kf2 b3 52. Rxc4 Kf7 53. Rc7+ Kf8 54. Rb7 Bxg4 55. Rxb3 Kf7 56. Re3 Be6 57. Kf3 Kf6 58. Kf4 g5+ 59. hxg5+ hxg5+ 60. Kg3 Bd7 61. Re7 Bf5 62. Re1 Bd7 63. Re7 1/2-1/2

[Event "LSS No Engine Cup 57 Preliminary 5"]
[Site "LSS email"]
[Date "2012.01.15"]
[Round "?"]
[White "Castrejon, Luis Carlos"]
[Black "Lonyuk, Bohdan"]
[Result "0-1"]
[WhiteElo "1570"]
[BlackElo "1089"]
[PlyCount "52"]
[EventDate "2012.01.16"]
[EventType "tourn (corr)"]
[EventRounds "6"]
[EventCountry "GER"]
[SourceTitle "Telechess CBM 153"]
[Source "ChessBase"]
[SourceDate "2013.03.14"]
[SourceVersion "1"]
[SourceVersionDate "2013.03.14"]
[SourceQuality "1"]

1. e4 Nf6 2. Nc3 d5 3. e5 d4 4. exf6 dxc3 5. fxg7 cxd2+ 6. Qxd2 Qxd2+ 7. Bxd2 Bxg7 8. 0-0-0 Be6 9. Kb1 0-0 10. Bf4 c6 11. Nf3 a5 12. Be2 Na6 13. Nd4 Bd5 14. Bf3 e5 15. Bxd5 cxd5 16. Nf5 exf4 17. Ne7+ Kh8 18. Nxd5 Be5 19. Nb6 Rad8 20. Nd7 Rfe8 21. Nxe5 Rxd1+ 22. Rxd1 Rxe5 23. Kc1 Re2 24. Rd2 Re1+ 25. Rd1 Rxd1+ 26. Kxd1 Nc5 0-1

[Event "LSS No Engine Cup 51 Preliminary 1"]
[Site "LSS email"]
[Date "2011.09.29"]
[Round "?"]
[White "Castrejon, Luis Carlos"]
[Black "Stepanov, Konstantin Vasiliev"]
[Result "0-1"]
[WhiteElo "1573"]
[BlackElo "2081"]
[PlyCount "64"]
[EventDate "2011.09.30"]
[EventType "tourn (corr)"]
[EventRounds "6"]
[EventCountry "GER"]
[SourceTitle "Telechess CBM 157"]
[Source "ChessBase"]
[SourceDate "2013.11.12"]
[SourceVersion "1"]
[SourceVersionDate "2013.11.12"]
[SourceQuality "1"]

1. e4 c5 2. Nf3 Nc6 3. d4 cxd4 4. Nxd4 Nf6 5. Nc3 e5 6. Ndb5 d6 7. Bg5 a6 8. Bxf6 gxf6 9. Na3 b5 10. Nd5 f5 11. Bxb5 axb5 12. Nxb5 Ra4 13. b4 Rxb4 14. Nbc7+ Kd7 15. 0-0 Rg8 16. Qh5 Qg5 17. Qxf7+ Be7 18. g3 Qg6 19. Qxg6 hxg6 20. Nxb4 Nxb4 21. c3 Nc2 22. Rac1 Kxc7 23. Rxc2 fxe4 24. c4 Bf5 25. Rb2 Bg5 26. Re1 Ra8 27. h4 Bh6 28. Kg2 Ra4 29. Reb1 e3 30. Rb7+ Kc6 31. R1b6+ Kc5 32. fxe3 Be4+ 0-1

[Event "LSS No Engine Cup 50 Preliminary 3"]
[Site "LSS email"]
[Date "2011.09.06"]
[Round "?"]
[White "Castrejon, Luis Carlos"]
[Black "Larwinski, Paul"]
[Result "1-0"]
[WhiteElo "1606"]
[BlackElo "2018"]
[PlyCount "47"]
[EventDate "2011.09.07"]
[EventType "tourn (corr)"]
[EventRounds "6"]
[EventCountry "GER"]
[SourceTitle "Telechess CBM 151"]
[Source "ChessBase"]
[SourceDate "2012.11.13"]
[SourceVersion "1"]
[SourceVersionDate "2012.11.13"]
[SourceQuality "1"]

1. e4 e5 2. Nf3 Nc6 3. Bb5 a6 4. Bxc6 dxc6 5. 0-0 Qd6 6. Na3 b5 7. c3 c5 8. Nc2 Bb7 9. Qe2 Ne7 10. d4 cxd4 11. cxd4 exd4 12. Ncxd4 c5 13. Nf5 Qc7 14. Rd1 Nxf5 15. exf5+ Be7 16. Ne5 Rd8 17. Bf4 Qc8 18. Rxd8+ Qxd8 19. Rd1 Qc8 20. Rd7 Qxd7 21. Nxd7 Kxd7 22. Qe5 Rc8 23. Qxg7 Bd5 24. Qc3 1-0

[Event "LSS No Engine Cup 48 Preliminary 7"]
[Site "LSS email"]
[Date "2011.08.12"]
[Round "?"]
[White "Bokros, Csaba"]
[Black "Castrejon, Luis Carlos"]
[Result "0-1"]
[WhiteElo "1031"]
[BlackElo "1606"]
[PlyCount "30"]
[EventDate "2011.08.13"]
[EventType "tourn (corr)"]
[EventRounds "6"]
[EventCountry "GER"]
[SourceTitle "Corr 2015"]
[Source "ChessBase"]
[SourceDate "2015.07.17"]
[SourceVersion "1"]
[SourceVersionDate "2015.07.17"]
[SourceQuality "1"]

1. c4 Nf6 2. Nc3 e5 3. e4 Bc5 4. h3 c6 5. Nf3 0-0 6. Be2 Re8 7. 0-0 d5 8. cxd5 cxd5 9. exd5 Nxd5 10. Nxe5 Rxe5 11. d3 Nc6 12. Nxd5 Rxd5 13. Bf4 Bf5 14. Re1 Bxd3 15. Qb3 Nd4 0-1

[Event "LSS No Engine Cup 48 Preliminary 7"]
[Site "LSS email"]
[Date "2011.08.12"]
[Round "?"]
[White "Castrejon, Luis Carlos"]
[Black "Bieszk, Stanislaw"]
[Result "1-0"]
[WhiteElo "1606"]
[BlackElo "814"]
[PlyCount "41"]
[EventDate "2011.08.13"]
[EventType "tourn (corr)"]
[EventRounds "6"]
[EventCountry "GER"]
[SourceTitle "Telechess CBM 151"]
[Source "ChessBase"]
[SourceDate "2012.11.13"]
[SourceVersion "1"]
[SourceVersionDate "2012.11.13"]
[SourceQuality "1"]

1. e4 c5 2. Nf3 d6 3. d4 cxd4 4. Nxd4 Nf6 5. Nc3 a6 6. Bg5 e6 7. f4 Qb6 8. Qd2 Qxb2 9. Rb1 Qa3 10. e5 dxe5 11. fxe5 Nfd7 12. Ne4 Qxa2 13. Rd1 Qd5 14. Qe3 Qxe5 15. Be2 Nf6 16. Nxf6+ gxf6 17. Qxe5 fxe5 18. Nb5 Bb4+ 19. Kf1 0-0 20. Nc7 f6 21. Bh6 1-0

[Event "LSS No Engine Cup 48 Preliminary 7"]
[Site "LSS email"]
[Date "2011.08.12"]
[Round "?"]
[White "Molano Lafuente, Ismael"]
[Black "Castrejon, Luis Carlos"]
[Result "1-0"]
[WhiteElo "1403"]
[BlackElo "1606"]
[PlyCount "91"]
[EventDate "2011.08.13"]
[EventType "tourn (corr)"]
[EventRounds "6"]
[EventCountry "GER"]
[SourceTitle "Telechess CBM 151"]
[Source "ChessBase"]
[SourceDate "2012.11.13"]
[SourceVersion "1"]
[SourceVersionDate "2012.11.13"]
[SourceQuality "1"]

1. b3 Nf6 2. Bb2 e6 3. e3 c5 4. f4 d5 5. Nf3 Bd6 6. Bd3 Nc6 7. 0-0 Qc7 8. Nc3 a6 9. Ne2 Bd7 10. Qe1 0-0-0 11. Qg3 Rdg8 12. Ne5 Be8 13. a3 h6 14. c4 g5 15. Nxc6 gxf4 16. Na7+ Kb8 17. Qh4 Rg4 18. Qxf6 Rhg8 19. g3 fxg3 20. h3 g2 21. hxg4 gxf1Q+ 22. Kxf1 Kxa7 23. cxd5 Rxg4 24. Qxh6 Be5 25. Bc3 Bxc3 26. Nxc3 Qg3 27. Qh1 exd5 28. Rc1 Bc6 29. Ne2 Qe5 30. Qf3 Rh4 31. Rxc5 Qa1+ 32. Rc1 Qxa3 33. e4 d4 34. Rxc6 bxc6 35. Qxf7+ Kb6 36. Qg8 Qa1+ 37. Kf2 Rh2+ 38. Kg3 Qh1 39. Qb8+ Ka5 40. Qd8+ Kb4 41. Qxd4+ Ka3 42. Qc5+ Kb2 43. Qc3+ Ka3 44. b4+ Ka4 45. Bc2+ Kb5 46. Qc5# 1-0

[Event "RC-2011-0-00076"]
[Site "LSS email"]
[Date "2011.08.02"]
[Round "?"]
[White "Castrejon, Luis Carlos"]
[Black "Silva Filho, Alcindo Luz Bastos"]
[Result "0-1"]
[WhiteElo "1606"]
[BlackElo "1928"]
[PlyCount "58"]
[EventDate "2011.06.02"]
[EventType "tourn (corr)"]
[EventRounds "6"]
[EventCountry "GER"]
[SourceTitle "Telechess CBM 149"]
[Source "ChessBase"]
[SourceDate "2012.07.17"]
[SourceVersion "1"]
[SourceVersionDate "2012.07.17"]
[SourceQuality "1"]

1. e4 c5 2. Nf3 Nc6 3. d4 cxd4 4. Nxd4 Qb6 5. Nb3 Nf6 6. Nc3 e6 7. Be3 Qc7 8. Bd3 a6 9. Qd2 Be7 10. 0-0-0 Ng4 11. Bf4 d6 12. h3 Nge5 13. Kb1 0-0 14. Be3 b5 15. f4 Nc4 16. Bxc4 bxc4 17. Nd4 Bd7 18. f5 Rab8 19. fxe6 fxe6 20. Rhf1 Rxf1 21. Rxf1 Qb7 22. b3 cxb3 23. axb3 a5 24. Ndb5 Qa6 25. Qf2 Ne5 26. Bd4 Bxb5 27. Nxb5 Qxb5 28. Bxe5 Rf8 29. Bf4 e5 0-1

[Event "LSS No Engine Cup 47 Preliminary 3"]
[Site "LSS email"]
[Date "2011.07.25"]
[Round "?"]
[White "Parente, Antonio Manuel Peix"]
[Black "Castrejon, Luis Carlos"]
[Result "0-1"]
[WhiteElo "659"]
[BlackElo "1606"]
[PlyCount "34"]
[EventDate "2011.07.26"]
[EventType "tourn (corr)"]
[EventRounds "6"]
[EventCountry "GER"]
[SourceTitle "Corr 2015"]
[Source "ChessBase"]
[SourceDate "2015.07.17"]
[SourceVersion "1"]
[SourceVersionDate "2015.07.17"]
[SourceQuality "1"]

1. e4 e5 2. Nf3 Nc6 3. Bb5 Nf6 4. Bxc6 dxc6 5. Nc3 Bc5 6. 0-0 Qe7 7. a3 Bg4 8. h3 Bh5 9. b4 Bd6 10. Re1 0-0 11. d3 a5 12. Bg5 axb4 13. Bxf6 Qxf6 14. axb4 Bxb4 15. Rxa8 Rxa8 16. g4 Bxc3 17. Re3 Ra1 0-1

[Event "LSS No Engine Cup 46 Preliminary 4"]
[Site "LSS email"]
[Date "2011.07.10"]
[Round "?"]
[White "Molina, Vicente Andres"]
[Black "Castrejon, Luis Carlos"]
[Result "0-1"]
[WhiteElo "820"]
[BlackElo "1598"]
[PlyCount "30"]
[EventDate "2011.07.11"]
[EventType "tourn (corr)"]
[EventRounds "6"]
[EventCountry "GER"]
[SourceTitle "Corr 2015"]
[Source "ChessBase"]
[SourceDate "2015.07.17"]
[SourceVersion "1"]
[SourceVersionDate "2015.07.17"]
[SourceQuality "1"]

1. e4 e5 2. Nf3 Nc6 3. c3 d5 4. exd5 Qxd5 5. d4 Bg4 6. Be2 0-0-0 7. 0-0 e4 8. Ne1 Bxe2 9. Qxe2 Nf6 10. Nc2 Bd6 11. Ne3 Qg5 12. Nd2 h5 13. Nec4 Bxh2+ 14. Kxh2 Qh4+ 15. Kg1 Ng4 0-1

[Event "LSS No Engine Cup 35 Preliminary 2"]
[Site "LSS email"]
[Date "2011.01.20"]
[Round "?"]
[White "Castrejon, Luis Carlos"]
[Black "Onder, Evren"]
[Result "0-1"]
[WhiteElo "1627"]
[BlackElo "2221"]
[PlyCount "72"]
[EventDate "2011.01.21"]
[EventType "tourn (corr)"]
[EventRounds "6"]
[EventCountry "GER"]
[SourceTitle "Telechess CBM 147"]
[Source "ChessBase"]
[SourceDate "2012.03.16"]
[SourceVersion "1"]
[SourceVersionDate "2012.03.16"]
[SourceQuality "1"]

1. e4 c5 2. Nf3 d6 3. d4 cxd4 4. Nxd4 Nf6 5. Nc3 Nc6 6. Bg5 e6 7. Qd2 Be7 8. 0-0-0 0-0 9. f3 d5 10. Nxc6 bxc6 11. e5 Nd7 12. Bxe7 Qxe7 13. f4 Rb8 14. Ne2 c5 15. g4 Nb6 16. Ng3 c4 17. f5 Na4 18. f6 gxf6 19. Nh5 fxe5 20. Qh6 f6 21. Rg1 c3 22. Bd3 e4 23. g5 cxb2+ 24. Kd2 fxg5 25. Rxg5+ Kh8 26. Rg7 Qb4+ 27. Ke2 Nc3+ 28. Ke1 Nxd1+ 29. c3 Qxc3+ 30. Qd2 Qxd2+ 31. Kxd2 exd3 32. Nf6 Rxf6 33. Rc7 Rf2+ 34. Kxd1 b1Q+ 35. Rc1 Rc2 36. Rxb1 Rxb1# 0-1

[Event "LSS No Engine Cup 35 Preliminary 2"]
[Site "LSS email"]
[Date "2011.01.20"]
[Round "?"]
[White "Tamashiro, Ariel"]
[Black "Castrejon, Luis Carlos"]
[Result "1/2-1/2"]
[WhiteElo "1229"]
[BlackElo "1627"]
[PlyCount "118"]
[EventDate "2011.01.21"]
[EventType "tourn (corr)"]
[EventRounds "6"]
[EventCountry "GER"]
[SourceTitle "Telechess CBM 147"]
[Source "ChessBase"]
[SourceDate "2012.03.16"]
[SourceVersion "1"]
[SourceVersionDate "2012.03.16"]
[SourceQuality "1"]

1. e4 e5 2. Nf3 Nc6 3. Bb5 Nf6 4. 0-0 Nxe4 5. d4 Nd6 6. Bxc6 dxc6 7. dxe5 Nf5 8. Qxd8+ Kxd8 9. Nc3 Ke8 10. Ne2 c5 11. b3 h6 12. Ba3 Be6 13. Nf4 b6 14. Rad1 Ne7 15. Nxe6 fxe6 16. g3 a5 17. c4 a4 18. Bb2 axb3 19. axb3 Ra2 20. Rd2 Nc6 21. Ra1 Rxa1+ 22. Bxa1 Be7 23. Ne1 g5 24. Kg2 Kf7 25. Kf3 Rd8 26. Rxd8 Bxd8 27. Ke4 Na5 28. Bc3 Nxb3 29. Nd3 c6 30. f4 b5 31. Nb2 Kg6 32. h3 h5 33. g4 hxg4 34. hxg4 gxf4 35. Kxf4 Bg5+ 36. Ke4 Bd2 37. Bxd2 Nxd2+ 38. Kd3 Nf3 39. Ke4 Ng5+ 40. Kf4 Nf7 41. Nd3 bxc4 42. Nxc5 c3 43. Nd3 c2 44. Nc1 c5 45. Nd3 c4 46. Nc1 Nd8 47. Ke3 Nc6 48. Kd2 Nxe5 49. Kxc2 Nxg4 50. Kc3 Ne5 51. Ne2 Kf5 52. Nd4+ Kf6 53. Kb4 Ke7 54. Kc5 Kd7 55. Nc2 Ke7 56. Nd4 Kf6 57. Kb4 Kf7 58. Kb5 c3 59. Kb4 c2 1/2-1/2

[Event "LSS No Engine Cup 34 Preliminary 3"]
[Site "LSS email"]
[Date "2011.01.08"]
[Round "?"]
[White "Castrejon, Luis Carlos"]
[Black "Chandler, Mark"]
[Result "1-0"]
[WhiteElo "1629"]
[BlackElo "846"]
[PlyCount "75"]
[EventDate "2011.01.09"]
[EventType "tourn (corr)"]
[EventRounds "6"]
[EventCountry "GER"]
[SourceTitle "Telechess CBM 147"]
[Source "ChessBase"]
[SourceDate "2012.03.16"]
[SourceVersion "1"]
[SourceVersionDate "2012.03.16"]
[SourceQuality "1"]

1. e4 e5 2. Nf3 Nf6 3. d3 Nc6 4. c3 d5 5. Nbd2 dxe4 6. dxe4 a6 7. Be2 Bc5 8. 0-0 0-0 9. Qc2 b5 10. b4 Bb6 11. a4 Bb7 12. axb5 axb5 13. Rxa8 Qxa8 14. Bxb5 Ba6 15. Qa4 Bxb5 16. Qxb5 Na7 17. Qc4 Kh8 18. Nxe5 Qe8 19. Ndf3 Nb5 20. Bg5 Nd6 21. Qc6 Nfxe4 22. Bf4 Qxc6 23. Nxc6 Nxc3 24. Bxd6 Ne2+ 25. Kh1 Rd8 26. Nxd8 cxd6 27. Nxf7+ Kg8 28. Nxd6 Nf4 29. Nc8 Bd8 30. b5 Bc7 31. b6 Bb8 32. Na7 Nd5 33. Nc6 Bd6 34. b7 Nf6 35. Rd1 Bc7 36. Nfe5 Ne4 37. b8Q+ Bxb8 38. Rd8# 1-0

[Event "LSS No Engine Cup 34 Preliminary 3"]
[Site "LSS email"]
[Date "2011.01.08"]
[Round "?"]
[White "Castrejon, Luis Carlos"]
[Black "Uifelean, Andrei"]
[Result "0-1"]
[WhiteElo "1629"]
[BlackElo "1895"]
[PlyCount "34"]
[EventDate "2011.01.09"]
[EventType "tourn (corr)"]
[EventRounds "6"]
[EventCountry "GER"]
[SourceTitle "Corr 2015"]
[Source "ChessBase"]
[SourceDate "2015.07.17"]
[SourceVersion "1"]
[SourceVersionDate "2015.07.17"]
[SourceQuality "1"]

1. e4 e5 2. Nf3 Nc6 3. Bb5 a6 4. Bxc6 dxc6 5. 0-0 Bg4 6. h3 Bxf3 7. Qxf3 Nf6 8. d3 Bc5 9. Qg3 Qe7 10. Qxg7 Rg8 11. Qh6 0-0-0 12. Kh1 Rg6 13. Qh4 Rdg8 14. g3 Bxf2 15. Rxf2 Rxg3 16. Bg5 R3xg5 17. Nd2 Rh5 0-1

[Event "LSS No Engine Cup 34 Preliminary 3"]
[Site "LSS email"]
[Date "2011.01.08"]
[Round "?"]
[White "Mezei, Zsolt"]
[Black "Castrejon, Luis Carlos"]
[Result "1/2-1/2"]
[WhiteElo "1247"]
[BlackElo "1629"]
[PlyCount "69"]
[EventDate "2011.01.09"]
[EventType "tourn (corr)"]
[EventRounds "6"]
[EventCountry "GER"]
[SourceTitle "Telechess CBM 147"]
[Source "ChessBase"]
[SourceDate "2012.03.16"]
[SourceVersion "1"]
[SourceVersionDate "2012.03.16"]
[SourceQuality "1"]

1. e4 d5 2. exd5 Nf6 3. d4 Bg4 4. Be2 Bxe2 5. Nxe2 Qxd5 6. 0-0 e6 7. Nbc3 Qh5 8. Ng3 Qxd1 9. Rxd1 Nc6 10. a3 0-0-0 11. Be3 Ne7 12. Nce4 Nxe4 13. Nxe4 Nf5 14. Ng5 Rd7 15. c3 h6 16. Nf3 Be7 17. Ne5 Nxe3 18. fxe3 Bg5 19. Nxd7 Bxe3+ 20. Kf1 Kxd7 21. Ke2 Bg5 22. Rf1 Bf6 23. Rad1 Re8 24. Kd3 c6 25. a4 Kc7 26. Kc4 Rd8 27. b4 Rd5 28. Kb3 Rg5 29. g3 h5 30. Rf3 h4 31. Rdf1 hxg3 32. Rxg3 Rh5 33. h3 Kd6 34. Rgf3 Ke7 35. a5 1/2-1/2

[Event "LSS No Engine Cup 33 Preliminary 3"]
[Site "LSS email"]
[Date "2010.12.27"]
[Round "?"]
[White "Castrejon, Luis Carlos"]
[Black "Arango Marin, Sixto Gregorio"]
[Result "1-0"]
[WhiteElo "1627"]
[BlackElo "816"]
[PlyCount "79"]
[EventDate "2010.12.28"]
[EventType "tourn (corr)"]
[EventRounds "6"]
[EventCountry "GER"]
[SourceTitle "Telechess CBM 147"]
[Source "ChessBase"]
[SourceDate "2012.03.16"]
[SourceVersion "1"]
[SourceVersionDate "2012.03.16"]
[SourceQuality "1"]

1. e4 e5 2. Nf3 Nc6 3. Bb5 d6 4. d4 Bd7 5. d5 Nb8 6. Bxd7+ Qxd7 7. c4 Nf6 8. Nc3 a6 9. h3 Be7 10. Be3 0-0 11. 0-0 c6 12. Rc1 c5 13. Rb1 b5 14. b3 b4 15. Na4 Bd8 16. Qc2 h6 17. Nh4 Nh7 18. Nf5 a5 19. Qe2 Kh8 20. Nxd6 Qxd6 21. Bxc5 Qg6 22. Bxf8 Nxf8 23. Rbc1 Na6 24. c5 Bg5 25. Rc2 Nd7 26. c6 Nf6 27. Nb6 Nxe4 28. Nxa8 Bd8 29. Qxa6 Nc3 30. Rxc3 bxc3 31. Qc8 Qd6 32. c7 Qxd5 33. Qxd8+ Qxd8 34. cxd8Q+ Kh7 35. Nc7 Kg6 36. Nd5 c2 37. g4 f6 38. h4 h5 39. Qe8+ Kh6 40. Qxh5# 1-0

[Event "LSS No Engine Cup 33 Preliminary 3"]
[Site "LSS email"]
[Date "2010.12.27"]
[Round "?"]
[White "Lonyuk, Bohdan"]
[Black "Castrejon, Luis Carlos"]
[Result "1-0"]
[WhiteElo "964"]
[BlackElo "1627"]
[PlyCount "51"]
[EventDate "2010.12.28"]
[EventType "tourn (corr)"]
[EventRounds "6"]
[EventCountry "GER"]
[SourceTitle "Telechess CBM 147"]
[Source "ChessBase"]
[SourceDate "2012.03.16"]
[SourceVersion "1"]
[SourceVersionDate "2012.03.16"]
[SourceQuality "1"]

1. e4 d5 2. exd5 Nf6 3. Bb5+ Bd7 4. Be2 Nxd5 5. d4 g6 6. c4 Nb6 7. Nc3 Bg7 8. c5 Nc8 9. Nf3 Nc6 10. 0-0 0-0 11. Bg5 Bg4 12. d5 Bxf3 13. Bxf3 Nd4 14. Be4 Qd7 15. Be3 Nf5 16. Bc1 Nd4 17. Be3 Nf5 18. Qd2 Nxe3 19. Qxe3 Rb8 20. Rad1 e6 21. b4 Bxc3 22. Qxc3 exd5 23. Bxd5 Qf5 24. Rfe1 b6 25. cxb6 cxb6 26. Qc7 1-0

[Event "ZI-2010-0-00818"]
[Site "LSS email"]
[Date "2010.11.07"]
[Round "?"]
[White "Castrejon, Luis Carlos"]
[Black "Santos, Sebastiao"]
[Result "1-0"]
[WhiteElo "1702"]
[BlackElo "1733"]
[PlyCount "111"]
[EventDate "2010.10.23"]
[EventType "match (corr)"]
[EventRounds "2"]
[EventCountry "GER"]
[SourceTitle "Telechess CBM 143"]
[Source "ChessBase"]
[SourceDate "2011.07.15"]
[SourceVersion "1"]
[SourceVersionDate "2011.07.15"]
[SourceQuality "1"]

1. e4 c5 2. Nf3 d6 3. d4 cxd4 4. Nxd4 Nf6 5. Nc3 g6 6. Be3 Bg7 7. f3 0-0 8. Qd2 Nc6 9. 0-0-0 Nxd4 10. Bxd4 Be6 11. Kb1 Qc7 12. g4 Rfc8 13. h4 Qa5 14. a3 h5 15. g5 Ne8 16. f4 Bg4 17. Be2 Bxd4 18. Qxd4 e5 19. fxe5 dxe5 20. Qf2 Rxc3 21. Bxg4 Qc5 22. Qxc5 Rxc5 23. Bh3 Rc7 24. c3 Re7 25. Kc2 Nc7 26. Rd6 Rae8 27. Rhd1 Kf8 28. c4 Ne6 29. Bxe6 Rxe6 30. Kc3 b6 31. b4 Rxd6 32. Rxd6 Rc8 33. Rd5 Ke7 34. Rxe5+ Kd7 35. Rd5+ Ke6 36. Kd4 Ke7 37. e5 Ke6 38. Rd6+ Kf5 39. Rf6+ Kg4 40. Rxf7 Rd8+ 41. Ke4 Kxh4 42. c5 bxc5 43. bxc5 Re8 44. Kf4 Rc8 45. e6 Rxc5 46. e7 Rc1 47. Rf8 Rf1+ 48. Ke5 Re1+ 49. Kf6 Rxe7 50. Kxe7 Kxg5 51. Ra8 h4 52. Rxa7 h3 53. Ke6 Kh6 54. Rb7 h2 55. Rb1 g5 56. Rh1 1-0

[Event "OP-2010-0-01304"]
[Site "LSS email"]
[Date "2010.11.04"]
[Round "?"]
[White "Herzog, Klaus"]
[Black "Castrejon, Luis Carlos"]
[Result "1/2-1/2"]
[WhiteElo "1760"]
[BlackElo "1667"]
[PlyCount "77"]
[EventDate "2010.10.31"]
[EventType "tourn (corr)"]
[EventRounds "4"]
[EventCountry "GER"]
[SourceTitle "Telechess CBM 145"]
[Source "Chessbase"]
[SourceDate "2011.11.11"]
[SourceVersion "1"]
[SourceVersionDate "2011.11.11"]
[SourceQuality "1"]

1. d4 d5 2. c4 dxc4 3. Nc3 a6 4. e4 b5 5. a4 b4 6. Nb1 Bb7 7. Nf3 Bxe4 8. Bxc4 Nf6 9. Bg5 h6 10. Bxf6 gxf6 11. Nbd2 Bb7 12. 0-0 Nd7 13. Qb3 e6 14. a5 Be7 15. Rfe1 Kf8 16. Ne4 f5 17. Ng3 Nf6 18. Ne5 Rh7 19. Rad1 Bd5 20. Rc1 Kg8 21. Ne2 Bd6 22. Nf4 c6 23. Bxd5 cxd5 24. Rc6 Ne4 25. Qe3 Rg7 26. f3 Nf6 27. Rec1 Ne8 28. Rb6 Bc7 29. Rxb4 Bxa5 30. Nc6 Qd6 31. Rb7 Bc7 32. Ne5 Qd8 33. b4 Bxe5 34. Qxe5 Kh7 35. Rc6 a5 36. Rxe6 fxe6 37. Nxe6 Rxb7 38. Qxf5+ Kg8 39. Qf8+ 1/2-1/2